El último siglo de la España romana: 284-409

Saved in:
Bibliographic Details
Main Author: Arce, Javier (Author)
Format: Book
Language:Spanish
Published: Madrid, España Alianza 1986
Series:Alianza Universidad, 347
Subjects:
Tags: Add Tag
No Tags, Be the first to tag this record!

MARC

LEADER 00000nam a2200000 a 4500
001 UCU1404
003 CL-VaPUC
005 20241202153313.0
008 960404e19860000SP |||||||||||||||||spa|d
999 |c 246048  |d 246046 
040 |c Pontificia Universidad Católica de Valparaíso 
082 0 4 |a 936.603 ARC 1986  |2 21 
100 0 |a Arce, Javier  |e author  |9 357067 
245 1 3 |a El último siglo de la España romana:  |b  284-409 
260 |a Madrid, España  |b Alianza  |c 1986 
300 |a 196 páginas 
490 0 |a Alianza Universidad,  |v  347 
583 |a last modification  |c 20170406 04:15:36  |k Rodrigo Vera 
650 0 |a Historia política  |z ESPAÑA  |9 256974 
650 0 |a Ejército  |z ESPAÑA  |9 321857 
650 0 |a Cristianismo  |z ESPAÑA  |9 257361 
852 |a BIBCUR 
942 |c BK  |2 ddc 
945 |d 19960404 00:00:00  |a rleighto 
952 |0 0  |1 0  |2 ddc  |4 0  |6 936_603000000000000_ARC_1986  |7 0  |8 A  |9 260773  |a BIBHIS  |b BIBHIS  |d 2019-11-19  |i 3186318  |o 936.603 ARC 1986  |p 3186318  |r 2025-01-20  |t 1  |w 2019-11-19  |y BK  |k HIS 
952 |0 0  |1 0  |2 ddc  |4 0  |6 936_603000000000000_ARC_1986  |7 0  |8 A  |9 260774  |a BIBHIS  |b BIBHIS  |d 2019-11-19  |i 3191257  |o 936.603 ARC 1986  |p 3191257  |r 2025-01-20  |t 2  |w 2019-11-19  |y BK  |k HIS